| 000 | 00607nam a2200205 a 4500 | ||
|---|---|---|---|
| 001 | 000018833 | ||
| 005 | 20200929165850.0 | ||
| 008 | 100519s1978 sp 000 p spa d | ||
| 020 | _a8432203432 | ||
| 040 |
_aDO-SdBNP _bspa _cBNPHU |
||
| 082 |
_aCh861.4 _bN454ca |
||
| 100 | 1 |
_aNeruda, Pablo, _d1904-1973 _99164 |
|
| 245 | 1 | 0 |
_aCanto general / _cPablo Neruda. |
| 260 |
_aBarcelona : _bSeix Barral, _c1978. |
||
| 300 |
_a491 p. ; _c20 cm. |
||
| 490 | 1 |
_aBiblioteca breve _v404 |
|
| 650 | 4 |
_aPoesÃa chilena _99166 |
|
| 650 | 4 |
_aLiteratura chilena _vSIGLO XX _940588 |
|
| 830 | 0 |
_aBiblioteca breve ; _v404 _913442 |
|
| 999 |
_c18353 _d18353 |
||